000 00698nam a2200289Ia 4500
005 20260324134000.0
008 008 260324s9999 xx 000 0 eng d
020 _a9781315073750
037 _aEBOOK
040 _aCRL
040 _beng
040 _cCRL
041 _2eng
041 _aeng
084 _qCRL
100 _aNick Baker; Koen Steemers
_91195128
245 0 _aDaylight Design of Buildings
245 2 _bA Handbook for Architects and Engineers
260 _bTaylor and Francis
260 _c2002
365 _a
365 _b300
856 _uhttp://www.taylorfrancis.com/books/9781315073750
942 _cEBOOK
999 _c1794728
_d1794728